Toward an American Catholic moral theology /

Bibliographic Details
Main Author: Curran, Charles E.
Format: Book
Language:English
Published: Notre Dame, IN : University of Notre Dame Press, [1987]
Subjects:

MARC

Tag First Indicator Second Indicator Subfields
LEADER 00000cam a2200000 a 4500
001 in00000035189
005 20151007055324.0
008 861209s1987 inu 00110 eng
010 |a  86040583  
020 |a 0268018626 :  |c $18.95 
035 |a (OCoLC)15017186 
035 |9 AAB7895AM 
040 |a DLC  |c DLC  |d m/c  |d TXA  |d UtOrBLW 
049 |a TXAM  |c [A11535748] 
050 0 0 |a BJ1249  |b .C842 1987 
082 0 |a 241/.042  |2 19 
100 1 |a Curran, Charles E. 
245 1 0 |a Toward an American Catholic moral theology /  |c Charles E. Curran. 
264 1 |a Notre Dame, IN :  |b University of Notre Dame Press,  |c [1987] 
264 4 |c ©1987 
300 |a xii, 209 pages ;  |c 23 cm. 
336 |a text  |b txt  |2 rdacontent 
337 |a unmediated  |b n  |2 rdamedia 
338 |a volume  |b nc  |2 rdacarrier 
500 |a A collection of previously published essays. 
500 |a Includes index. 
505 0 |a Moral theology looks at itself: The historical development of moral theology. Moral theology in the United States. What is distinctive and unique about Christian ethics and Christian morality? Moral theology in dialogue with biomedicine and bioethics -- Moral theology looks at our society: Just taxation in the Roman Catholic tradition. Filial responsibility for an elderly parent. Religious freedom and human rights in the world and in the church. An analysis of the United States bishops' pastoral letter on the economy. The difference between personal morality and public policy. 
650 0 |a Christian ethics  |x Catholic authors. 
999 |a MARS 
999 f f |s bbca726e-806a-3f15-95ed-aeda5f805279  |i c2d783c7-6f1f-3cbc-ba98-de8156cea747  |t 0 
952 f f |p ric  |a Texas A&M University  |b Rellis Campus  |c Joint Library Facility  |d Remote Storage  |t 0  |e BJ1249 .C842 1987  |h Library of Congress classification  |i unmediated -- volume  |m A14811535748 
998 f f |a BJ1249 .C842 1987  |t 0  |l Remote Storage